Queer cinema : the film reader /

Đã lưu trong:
Chi tiết về thư mục
Tác giả khác: Benshoff, Harry M. (Biên tập viên), Griffin, Sean (Biên tập viên)
Định dạng: Sách
Ngôn ngữ:Tiếng Anh
Được phát hành: New York : Routledge, 2004
Loạt:In focus
Các nhãn: Thêm thẻ
Không có thẻ, Là người đầu tiên thẻ bản ghi này!

MARC

LEADER 00000nam a22000007i 4500
001 IT\ICCU\RML\0144951
003 ItRI
005 20260115231817.0
008 041220s2004 xxu|||||| ||||| |||||c
020 |a 0415319862 
020 |a 0415319870 (pbk) 
040 |b ita  |c importazione bologna sebina 
041 7 |a eng  |2 ISO-639-2 
130 0 |a Queer cinema  |3 IT\ICCU\RL1\0082339 
245 0 0 |a Queer cinema :  |b the film reader /  |c edited by Harry Benshoff and Sean Griffin. 
260 |a New York :  |b Routledge,  |c 2004 
300 |a VIII, 242 p. ;  |c 24 cm. 
700 1 |a Benshoff, Harry M.  |0 IT\ICCU\RMLV\055841  |4 edt 
700 1 |a Griffin, Sean  |0 IT\ICCU\RMLV\055842  |4 edt 
830 0 |a In focus  |0 IT\ICCU\MIL\0543366 
942 |2 ddc  |c BK  |n 0 
952 |0 0  |1 0  |4 0  |6 DOC_791_436000000000000_BEN  |7 0  |9 13227  |a BO  |b BO  |d 2026-01-15  |i 15726  |l 0  |o DOC 791.436 BEN  |p BO15726  |r 2026-01-15 23:18:17  |w 2026-01-15  |x [Sebina 5] [1 v.]  |y BK  |z 1 v. 
999 |c 11350  |d 11350